Legal certainty in a contemporary context : (Record no. 593204)

000 -LEADER
fixed length control field 01022cam a22002655i 4500
001 - CONTROL NUMBER
control field 18988098
005 - DATE AND TIME OF LATEST TRANSACTION
control field 20230210102117.0
008 - FIXED-LENGTH DATA ELEMENTS--GENERAL INFORMATION
fixed length control field 160224s2016 nyu 000 0 eng
010 ## - LIBRARY OF CONGRESS CONTROL NUMBER
LC control number 2016934311
020 ## - INTERNATIONAL STANDARD BOOK NUMBER
International Standard Book Number 9789811001123
040 ## - CATALOGING SOURCE
Original cataloging agency DLC
Language of cataloging eng
Transcribing agency DLC
Description conventions rda
Modifying agency DLC
042 ## - AUTHENTICATION CODE
Authentication code pcc
082 ## - DEWEY DECIMAL CLASSIFICATION NUMBER
Classification number 340.1
Author Mark LEG
100 1# - MAIN ENTRY--PERSONAL NAME
Personal name Fenwick, Mark.
9 (RLIN) 108857
245 10 - TITLE STATEMENT
Title Legal certainty in a contemporary context :
Remainder of title private and criminal law perspectives /
Statement of responsibility, etc. Mark Fenwick.
263 ## - PROJECTED PUBLICATION DATE
Projected publication date 1604
264 #1 - PRODUCTION, PUBLICATION, DISTRIBUTION, MANUFACTURE, AND COPYRIGHT NOTICE
Place of production, publication, distribution, manufacture New York, NY :
Name of producer, publisher, distributor, manufacturer Springer Science+Business,
Date of production, publication, distribution, manufacture, or copyright notice 2016.
300 ## - PHYSICAL DESCRIPTION
Extent 194 p. ;
Dimensions 24 cm.
856 42 - ELECTRONIC LOCATION AND ACCESS
Materials specified Contributor biographical information
Uniform Resource Identifier <a href="https://www.loc.gov/catdir/enhancements/fy1615/2016934311-b.html">https://www.loc.gov/catdir/enhancements/fy1615/2016934311-b.html</a>
856 42 - ELECTRONIC LOCATION AND ACCESS
Materials specified Publisher description
Uniform Resource Identifier <a href="https://www.loc.gov/catdir/enhancements/fy1615/2016934311-d.html">https://www.loc.gov/catdir/enhancements/fy1615/2016934311-d.html</a>
856 41 - ELECTRONIC LOCATION AND ACCESS
Materials specified Table of contents only
Uniform Resource Identifier <a href="https://www.loc.gov/catdir/enhancements/fy1615/2016934311-t.html">https://www.loc.gov/catdir/enhancements/fy1615/2016934311-t.html</a>
906 ## - LOCAL DATA ELEMENT F, LDF (RLIN)
a 0
b ibc
c orignew
d 2
e epcn
f 20
g y-gencatlg
942 ## - ADDED ENTRY ELEMENTS (KOHA)
Source of classification or shelving scheme
Koha item type Book
Holdings
Withdrawn status Lost status Source of classification or shelving scheme Damaged status Not for loan Permanent Location Current Location Shelving location Date acquired Full call number Barcode Date last seen Price effective from Koha item type
          NUST Law School (NLS) NUST Law School (NLS) Law 02/10/2023 340.1 LEG CL-1397 02/10/2023 02/10/2023 Book
© 2023 Central Library, National University of Sciences and Technology. All Rights Reserved.